[Event "USA-chT Amateur East"]
[Site "Parsippany"]
[Date "2011.02.19"]
[Round "2"]
[White "Christian, Garrett"]
[Black "Harding, Andre E"]
[Result "0-1"]
[WhiteElo "2012"]
[BlackElo "1978"]
[PlyCount "60"]
[EventDate "2011.02.19"]
[EventType "team-swiss"]
[EventRounds "6"]
[EventCountry "USA"]
[SourceTitle "CBM 141 Extra"]
[Source "ChessBase"]
[SourceDate "2011.05.03"]
[SourceVersion "1"]
[SourceVersionDate "2011.05.03"]
[SourceQuality "1"]

1. e4 c5 2. Nf3 d6 3. d4 cxd4 4. Nxd4 Nf6 5. Nc3 a6 6. Be2 e5 7. Nb3 Be7 8. Bg5 Be6 9. Qd2 Nbd7 10. 0-0 Rc8 11. Rad1 0-0 12. f4 Qb6+ 13. Kh1 exf4 14. Qxf4 Ne5 15. Qg3 Rxc3 16. bxc3 Nxe4 17. Qe3 Qxe3 18. Bxe3 Nxc3 19. Nd4 Nxd1 20. Rxd1 Bxa2 21. Nf5 Re8 22. Nxe7+ Rxe7 23. Bc5 Nc6 24. Bf3 dxc5 25. Bxc6 g6 26. Bf3 Kg7 27. Kg1 Bc4 28. Kf2 a5 29. Rd6 a4 30. Bd5 Re2+ 0-1